书目信息 |
| 题名: |
供水水文地质
|
|
| 作者: | 刘兆昌 , 李广贺 , 朱琨 编 | |
| 分册: | ||
| 出版信息: | 北京 中国建筑工业出版社 1998.06 |
|
| 页数: | 275页 | |
| 开本: | 16开 | |
| 丛书名: | ||
| 单 册: | ||
| 中图分类: | P64-43 , TU991.11 | |
| 科图分类: | ||
| 主题词: | 给水工程:市政工程 , 城市供水系统 | |
| 电子资源: | ||
| ISBN: | 7-112-00519-1 | |
| 000 | 00684nam0 2200229 45 | |
| 001 | 0960760693 | |
| 005 | 20090616165448.29 | |
| 010 | @a7-112-00519-1@dCNY18.20 | |
| 100 | @a20010329d1998 km y0chiy0120 ea | |
| 101 | 0 | @achi |
| 200 | 1 | @a供水水文地质@AGong Shui Shui Wen Di Zhi@f刘兆昌,李广贺,朱琨编@Fliu zhao chang,li guang he,zhu kun bian |
| 210 | @a北京@c中国建筑工业出版社@d1998.06 | |
| 215 | @a275页@d16开 | |
| 606 | 0 | @a给水工程:市政工程 |
| 606 | 0 | @a城市供水系统 |
| 690 | @aP64-43@v3 | |
| 690 | @aTU991.11@v4 | |
| 701 | 0 | @a刘兆昌@4编 |
| 701 | 0 | @a李广贺@Ali guang he@4编 |
| 701 | 0 | @a朱琨@Azhu kun@4编 |
| 801 | @aCN@c20090616 | |
| 905 | @b333417-422@dTU991.11@eL7201@f6 | |
| 供水水文地质/刘兆昌,李广贺,朱琨编.-北京:中国建筑工业出版社,1998.06 |
| 275页;16开 |
| ISBN 7-112-00519-1:CNY18.20 |
| ● |
| 相关链接 |
|
|
|
正题名:供水水文地质
索取号:TU991.11/L7201
 
预约/预借
| 序号 | 登录号 | 条形码 | 馆藏地/架位号 | 状态 | 备注 |
| 1 | 469145 | 204691459 | 市政与环境工程学院资料室/101建筑库 96排4列1层/ [索取号:TU991.11/L7201] | 在馆 |